000
00222nam a22001097a 4500
999
_c
65248
_d
65245
082
_a
297.923 ش ب ل
100
_a
شبلی
245
_a
سیر ۃالنبی
260
_a
کراچی
300
_a
۴۵۶
942
_c
BK